| 000 | 00743cab a2200241 4500 | ||
|---|---|---|---|
| 001 | ABS60373 | ||
| 008 | 090401t1999 xxu||||| |||| 00| 0 eng d | ||
| 035 | _a(Sirsi) u92200 | ||
| 041 | _aeng | ||
| 245 | _aMurphy (Valuation Officer) v Courtney Plc | ||
| 260 | _c1999 | ||
| 350 | _a0 | ||
| 490 |
_aRating Appeals _v(1999) 1 RA 1-57(30) |
||
| 650 | _aBUILT ENVIRONMENT-BUILDING ELEMENTS-COMPLETE BUILDING SERVICES ELEMENTS-COMPLETE HEATING, VENTILATION AND AIR CONDITIONING SYSTEMS | ||
| 650 | _aALTERATION | ||
| 650 | _aMURPHY (VO) V COURTNEY PLC | ||
| 650 | _aRATEABLE VALUE | ||
| 650 | _aREBUS SIC STANTIBUS | ||
| 650 | _aREPAIRING OBLIGATIONS | ||
| 690 | _aRATING AND VALUATION-CASE LAW | ||
| 942 | _n0 | ||
| 948 | _c18/03/1999 | ||
| 999 |
_c58456 _d58456 |
||